|
|
|
|
| LEADER |
01019pam a2200229 a 4500 |
| 001 |
2941849 |
| 003 |
GR-PaULI |
| 005 |
20241127100206.0 |
| 008 |
900406s1990 enk b 001 0 eng |
| 952 |
|
|
|0 0
|1 0
|2 ddc
|4 0
|6 158_300000000000000_BRE
|7 0
|9 227396
|a PTDE
|b PTDE
|d 2018-11-07
|i 11908
|l 0
|o 158.3 BRE
|p 025000211785
|r 2018-11-07 00:00:00
|t 1
|v 2018.00
|w 2018-11-07
|y BK15
|
| 999 |
|
|
|c 136688
|d 136688
|
| 020 |
|
|
|a 1854330012
|c
|
| 040 |
|
|
|a GR-PaULI
|c GR-PaULI
|b gre
|e AACR2
|
| 082 |
0 |
0 |
|a 158.3
|2 23
|
| 100 |
1 |
|
|a Breakwell, Glynis M.
|q (Glynis Marie),
|d 1952-
|e συγγραφέας.
|9 169297
|
| 245 |
1 |
0 |
|a Interviewing /
|c Glynis M. Breakwell.
|
| 260 |
|
|
|a Leicester [England] :
|b British Psychological Society ;
|a New York, NY :
|b Routledge, Chapman & Hall,
|c 1990.
|
| 300 |
|
|
|a viii, 100 σ. ;
|c 23 εκ.
|
| 504 |
|
|
|a Περιλαμβάνει βιβλιογραφικές παραπομπές και ευρετήριο.
|
| 650 |
|
4 |
|a Επαγγελματική συνέντευξη
|9 171517
|
| 942 |
|
|
|2 ddc
|c BK15
|
| 998 |
|
|
|c ΤΣΕΝΕ
|d 2018-11
|